000 00735nam a2200253Ia 4500
003 OSt
005 20220927105640.0
006 a|||||r|||| 00| 0
007 ta
008 220926b |||||||| |||| 00| 0 eng d
024 _a179230
037 _cReference Collections
040 _aRTL
_cRTL
_beng
041 _2eng
_aeng
082 _a"X:8L, K9/SC"
100 _aCHAMPERNOWNE D G
_9373909
245 0 _aUncertainty and estimation in econmics
260 _aEdinburgh
_bOliver & Boyd
_c1969
300 _a"viii,200p."
_ccm.
490 _vVol.1
_aMathematical economics texts;2
500 _aBibliography :P.274-276
942 _h"X:8L, K9/SC"
_cCC
999 _c693609
_d693609